| 000 | 00492nam a22001817a 4500 | ||
|---|---|---|---|
| 003 | KOHA_MİRAKIL | ||
| 005 | 20251209112834.0 | ||
| 008 | 251209b tu ||||| |||| 00| 0 tur d | ||
| 020 | _a9786057173508 | ||
| 040 |
_aTR-AnABB _btur _cTR-AnABB |
||
| 041 | _atur | ||
| 082 |
_a956.22643 _bBEY 2021 |
||
| 245 | 1 | 0 | _aBeykoz 2021 sempozyumu / |
| 260 |
_aİstanbul : _bBeykoz Belediyesi Kültür Yayınları, _c2021 |
||
| 300 |
_a1278 sayfa ; _c24 cm |
||
| 650 | 0 | 4 | _aBeykoz |
| 942 |
_2ddc _cBK |
||
| 999 |
_c9728 _d9728 |
||
| 900 | _bGizem YORULMAZ | ||